Công tác bê tông và bê tông cốt thép Sổ tay kĩ thuật bê tông

Spremljeno u:
Bibliografski detalji
Glavni autor: Phùng Hải
Format: Knjiga
Jezik:Undetermined
Izdano: Hà Nội Giáo dục 1994
Teme:
Oznake: Dodaj oznaku
Bez oznaka, Budi prvi tko označuje ovaj zapis!
Thư viện lưu trữ: Trung tâm Học liệu Trường Đại học Cần Thơ
LEADER 00581nam a2200193Ia 4500
001 CTU_14231
008 210402s9999 xx 000 0 und d
082 |a 624 
082 |b H103 
100 |a Phùng Hải 
245 0 |a Công tác bê tông và bê tông cốt thép 
245 0 |b Sổ tay kĩ thuật bê tông 
245 0 |c Phùng Hải, Tuấn Anh 
260 |a Hà Nội 
260 |b Giáo dục 
260 |c 1994 
650 |a concrete 
904 |i Nguyễn Quang Điền, 961230 
980 |a Trung tâm Học liệu Trường Đại học Cần Thơ